| 000 | 00353nam a2200145Ia 4500 | ||
|---|---|---|---|
| 008 | 220216s9999 xx 000 0 und d | ||
| 100 | _aDuckworth I H | ||
| 245 | 0 | _aCreamed latex concentrate | |
| 260 |
_bPlanters Bulletin _c1964 |
||
| 300 | _a111-122 | ||
| 650 | _aCreaming process | ||
| 650 | _aLatex | ||
| 650 | _aLatex preservation | ||
| 942 | _cJS | ||
| 999 |
_c56497 _d56497 |
||